00523pab a2200181 454500008004000000100002100040245004400061260000900105300001100114362001000125650002800135650002000163773002000183908000600203909001000209999001700219952010500236180718b2012 xxu||||| |||| 00| 0 eng d aMuragendra, B.T. aNeed to relook legal education in India c2012 ap.5-9. a2 Apr aLegal education - India aLegal education aUniversity News aN a96317 c96317d96317 00104070aIIPAbIIPAd2018-07-19hVolume no: 50, Issue no: 14pAR96777r2018-07-19w2018-07-19yAR